Exploring deserts
| Main Author: | |
|---|---|
| Format: | Book |
| Published: |
London :
Raintree ,
2014
|
| Series: | A Benjamin blog and his inquisitive dog inverstigation
|
| Subjects: |
MARC
| LEADER | 00000cam a2200000 7i4500 | ||
|---|---|---|---|
| 001 | 0000209958 | ||
| 005 | 20170109.0 | ||
| 020 | |a 9781406271133 | ||
| 090 | 0 | 0 | |a 577.54 |b GAN |
| 100 | 1 | |a Ganeri, Anita | |
| 245 | 1 | 0 | |a Exploring deserts |c written by Anita Ganeri |
| 260 | |a London : |b Raintree , |c 2014 | ||
| 300 | |a 320p. ; |c 24cm. | ||
| 490 | 0 | |a A Benjamin blog and his inquisitive dog inverstigation | |
| 650 | 0 | |a Desert ecology |v Juvenile literature | |
| 650 | 0 | 0 | |a Desert |v Juvenile literature |
| 999 | |a 00328444 |b BUKU |c JUNIOR BOOKS |e PERPUSTAKAAN KOMUNITI PETALING JAYA | ||